| 000 | 00948cam a22003011i 4500 | ||
|---|---|---|---|
| 001 | 6078668 | ||
| 003 | EG-ScBUE | ||
| 005 | 20230507092637.0 | ||
| 008 | 760519t1958 enka f 000 0 eng d | ||
| 020 | _a0721402178 | ||
| 035 | _a(OCoLC)2182017 | ||
| 040 |
_aDLC _beng _erda _cFTaSU _dOCoLC _dUk _dDLC _dEG-ScBUE |
||
| 082 | 0 | 4 |
_a780.9 _bBRA _222 |
| 100 | 1 |
_aBrace, Geoffrey, _eauthor. |
|
| 245 | 1 | 4 |
_aThe story of music / _cby Geoffrey Brace ; with illustrations by Martin Aitchison. |
| 264 | 1 |
_aLoughborough, UK : _bLadybird Books, _c[1968] |
|
| 264 | 4 | _cc1968 | |
| 300 |
_a50 pages : _bcolor illustrations ; _c33 cm. |
||
| 336 |
_2rdacontent _atext _btxt |
||
| 337 |
_2rdamedia _aunmediated _bn |
||
| 338 |
_2rdacarrier _avolume _bnc |
||
| 490 |
_aHistory of the Arts ; _v662 |
||
| 650 | 7 |
_aMusic _xHistory and criticism. _2BUEsh _99636 |
|
| 653 | _bART | ||
| 655 | _vReading book | ||
| 942 |
_2ddc _cBB |
||
| 999 |
_c12977 _d12977 |
||